Astronomy of the 20th century (Record no. 2086)

MARC details
000 -LEADER
fixed length control field 00560nam a2200193Ia 4500
003 - CONTROL NUMBER IDENTIFIER
control field IN-BaIIA
008 - FIXED-LENGTH DATA ELEMENTS--GENERAL INFORMATION
fixed length control field 211028s9999 xx 000 0 eng d
040 ## - CATALOGING SOURCE
Transcribing agency IIA Library
080 ## - UNIVERSAL DECIMAL CLASSIFICATION NUMBER
Universal Decimal Classification number 52
Item number STR
100 ## - MAIN ENTRY--PERSONAL NAME
Personal name Struve, Otto
9 (RLIN) 1244
245 #0 - TITLE STATEMENT
Title Astronomy of the 20th century
Statement of responsibility, etc. Otto Struve
260 ## - PUBLICATION, DISTRIBUTION, ETC.
Place of publication, distribution, etc. New York
Name of publisher, distributor, etc. Macmillan
Date of publication, distribution, etc. 1962
300 ## - PHYSICAL DESCRIPTION
Extent 544p.
500 ## - GENERAL NOTE
General note Contains illustrations
650 ## - SUBJECT ADDED ENTRY--TOPICAL TERM
Topical term or geographic name entry element Astronomy
9 (RLIN) 80
650 ## - SUBJECT ADDED ENTRY--TOPICAL TERM
Topical term or geographic name entry element Astronomy and Astrophysics Thesaurus
650 ## - SUBJECT ADDED ENTRY--TOPICAL TERM
Topical term or geographic name entry element Astrophysics
9 (RLIN) 794
942 ## - ADDED ENTRY ELEMENTS (KOHA)
Koha item type Books
Holdings
Withdrawn status Lost status Damaged status Not for loan Home library Current library Shelving location Date acquired Cost, normal purchase price Total Checkouts Full call number Barcode Date last seen Cost, replacement price Price effective from Koha item type Purchase Price
        IIA Library-Bangalore IIA Library-Bangalore General Stacks   58.35   52/STR 2338 05/11/2021 58.35   Books Rs. 58.35

Powered by Koha